000 00756nam a22002177a 4500
003 UA-OsUOA
001 57514
007 ta
008 20081225b un ||||| |||| 00| 0 ukr d
100 _aПодгорная Л.Д.
090 _a659
_bП-12
942 _cSA
040 _aUA-OsUOA
_brus
_cUA-OsUOA
_dUA-OsUOA
245 _aТеория коммуникации в социологическом контексте
300 _aС.87-100
955 _a0
041 _arus
080 _a659
773 0 _w57508
_tСоциально-гуманитарные знания
_dМ.
_d2008
_g5
650 7 _a659 Реклама. Система інформації. Громадська інформація та реклама (Паблик-Рилейшнз)
_2UDC
999 _c343583
_d343583